00967nam a22002537a 450000500170000001000130001702000190003003500130004903700160006204000120007808200130009010000320010324501060013524600060024126000470024727000490029430000250034350000510036865000440041965000240046394200220048799900190050995201850052820170124105927.0 aA-716403 c00a8170187478 haA-716403 bCen Lib/Ret aDPLbEN a330bMOH aMohsen, Shahbazzadeh972153 aRole of multinational companies in nation's economy :cby Shahbazzadeh Mohsenba case study of Iran / b  bB.R. Publishing Corporation c1994aDelhi  bDelhi aA-6, nimri community centre e110052 axii, 442p.c20cm(Hb) aIncludes bibliographical references and index  aNational development planzIran 972154 aEnterprises 972155 2ddccENh330mMOH c123549d123549 04104070aLbLd2015-06-08eCen Lib/Retg0.00l0o330 MOHpA-716403r2015-06-08 00:00:00t1v0.00w2015-06-08yENzWritten off on approval by DLB (By Circulation); dtd 15-06-2023